Plastics foams. Pt 1 (Record no. 23724)

MARC details
000 -LEADER
fixed length control field 00391nam a2200157Ia 4500
082 ## - DEWEY DECIMAL CLASSIFICATION NUMBER
Classification number 678.5
Item number FRI
245 #0 - TITLE STATEMENT
Title Plastics foams. Pt 1
260 ## - PUBLICATION, DISTRIBUTION, ETC. (IMPRINT)
Place of publication New York
Name of publisher Marcel Dekker
Year of publication 1972
650 ## - SUBJECT ADDED ENTRY--TOPICAL TERM
Topical Term Latex foam
650 ## - SUBJECT ADDED ENTRY--TOPICAL TERM
Topical Term Polyurethane foam
650 ## - SUBJECT ADDED ENTRY--TOPICAL TERM
Topical Term Rubber foam
700 ## - ADDED ENTRY--PERSONAL NAME
Personal name Frisch, Kurt C
700 ## - ADDED ENTRY--PERSONAL NAME
Personal name Sanders, James H
942 ## - ADDED ENTRY ELEMENTS (KOHA)
Koha item type Books
Holdings
Withdrawn status Lost status Damaged status Not for loan Home library Current library Date acquired Cost, normal purchase price Full call number Accession Number Koha item type
        RRII Library RRII Library 16/12/2021 51.75 678.5 FRI 04421 Books